000 00373nam a2200145 i 4500
001 bg
100 1 _aWOLISZ, Adam
245 0 _aPodstawy lokalnych sieci komputerowych.
_nT. 1,
_pSprzęt sieciowy /
_cAdam Wolisz.
260 _aWarszawa,
_c1990.
650 9 _aSieć komputerowa
040 _cBPK
041 _apol
942 _cKS
008 s pl f |000 0 pol
999 _c4099
_d4099
856 _uhttp://koha.tu.koszalin.pl/cgi-bin/koha/opac-detail.pl?biblionumber=4099
_yKatalog online BPK